01176nam a2200193Ia 4500001001100000003001000011008004100021040002500062041001300087100003800100245006400138250001100202260010900213300001200322500025000334501011400584520025000698650003400948L251-17910IT-CnALBA170116s9999||||xx |||||||||||||| ||und|| aIT-CnALBAcIT-CnALBA aITALIANO aGIORDANO GIOV. BATTISTA, CANONICO 0aPREDICHE DEL CANONICO GIORDANO GIOVANNI BATTISTA. VOL. VI.  a1a ed. aMILANO - TORINObARTIGIANELLI TIPOG. S. GIUSEPPE. MI. TO'c1878 [1° Ed.:1878 - Ed.Ling.Originale: 1878] a437 p.  aSCOPO DELL'UOMO E DEL SACERDOTE. MALIZIA E DANNI DEL PECCATO. MORTE DEL GIUSTO. GIUDIZIO PARTICOLARE. INFERNO. TIEPIDEZZA. FIGLIUOL PRODIGO. IMITAZIONE NASCITA DI GESÙ CRISTO. VITA NASCOSTA APOSTOLICA. PASSIONE VITA EUCARISTICA. AMORE DI DIO.  aSocietà San Paolo EM - Piazza San Paolo, 14 - 12051 ALBA (CN) (non commercial uses only) ® Copyright 2017 aSCOPO DELL'UOMO E DEL SACERDOTE. MALIZIA E DANNI DEL PECCATO. MORTE DEL GIUSTO. GIUDIZIO PARTICOLARE. INFERNO. TIEPIDEZZA. FIGLIUOL PRODIGO. IMITAZIONE NASCITA DI GESÙ CRISTO. VITA NASCOSTA APOSTOLICA. PASSIONE VITA EUCARISTICA. AMORE DI DIO.  aPREDICAZIONE - ORATORIA SACRA